000 00353nam a22001337a 4500
082 _a621.381 BEN'E
100 _aBENEDICT, R. R
_978386
245 _aELECTRONICS FOR SCIENTISTS AND ENGINEERS
250 _a2ND
260 _aNEWJERSCY
_bPRENTICE HALL
_c1975
300 _a605P
650 _aELECTRONICS FOR SCIENTISTS AND ENGINEERS
_978387
942 _cBK
999 _c583515
_d583515